Riconosci lo Stato - Quiz n°10 - Statistics

Statistiche generali
  • Questo quiz è stato fatto 90 volte
  • Il punteggio medio è 11 su 13
Statistiche sulle risposte
Indizio Risposta % Corretto
Iniziale della Capitale I
93%
Valuta Rupia
93%
Presidente della Repubblica Arif Alvi
91%
Indipendenza dal Regno Unito 14 agosto 1947
91%
Fuso Orario UTC+5
89%
Superficie 783 940 km²
88%
Forma di Governo Repubblica islamica parlamentare federale
88%
Popolazione 243,446,559 ab.
87%
ISU 0,562
86%
PIL (nominale) 347 471 milioni di $
86%
Tasso di crescita 2,04 %
84%
Risposta Pakistan
84%
Presidente del Consiglio Shehbaz Sharif
84%
Nessun quiz corrispondente trovato
Distribuzione punteggi
Percentuale di utenti per punteggio
Percentile per numero di risposta
I tuoi punteggi nel tempo
Non hai fatto questo quiz